| 000 | 00838nac a22002537a 4500 | ||
|---|---|---|---|
| 001 | BR0103621 | ||
| 003 | BR-BrBNA | ||
| 005 | 20240105122617.0 | ||
| 008 | 230509b bl.|||m| |||| 00| 0 por d | ||
| 040 |
_aBR-BrBNA _bpor _cBiblioteca Nacional de Agricultura |
||
| 072 | _aP35 | ||
| 090 | _aP35 BR0103621 | ||
| 100 | 1 | _aMachado, P.L.O. de A. | |
| 110 | 1 |
_aEMBRAPA Solos, Rio de Janeiro, RJ (Brasil) _93741 |
|
| 245 | 1 | _aMetodo para extracao de substancias humicas do solo: acido humico e acido fulvico | |
| 260 | 3 |
_aRio de Janeiro, RJ (Brasil): _c1999. |
|
| 300 | _a4 p. | ||
| 490 |
_aComunicado Tecnico - Centro Nacional de Pesquisa de Solos (Brazil) _vno. 1 _xISSN 1517-5685 |
||
| 650 | _aSolo | ||
| 650 | _aFertilidade do Solo | ||
| 650 | _aHumus | ||
| 909 |
_a202312 _bLúcia Elande _c55 _dLúcia Elande |
||
| 942 |
_2AGRIS _n0 _cMS |
||
| 999 |
_c291913 _d291913 |
||